000 00480nam a2200133Ia 4500
003 GCL
008 140319s9999 xx 000 0 ara d
040 _aGCL /
_cGCL
082 0 4 _a330.962
_bع ن
245 1 0 _aالنموذج المصرى لراسمالية الدولة التابعة دراسة فى التغيرات الاقتصادية والطبقية فى مصر 1982-1974
260 _a[S.N] :
_bدار المستقبل العربى ،
_c1986
300 _a443 ص
490 _a
999 _c34862
_d34862